| 000 | 01229cam a2200361 a 4500 | ||
|---|---|---|---|
| 999 |
_c229 _d229 |
||
| 001 | 5058464 | ||
| 003 | OSt | ||
| 005 | 20190802083000.0 | ||
| 008 | 100824s2011 enkab 001 0 eng d | ||
| 015 |
_aGBB0A8455 _2bnb |
||
| 016 | 7 |
_a015645069 _2Uk |
|
| 020 | _a9781849712170 (pbk.) | ||
| 020 | _a1849712174 (pbk.) | ||
| 035 | _a(OCoLC)663446600 | ||
| 040 |
_aUKM _cUKM _dYDXCP _dANL |
||
| 082 | 0 | 4 |
_a304.25 DOW _222 |
| 100 | 1 |
_aDow, Kirstin, _d1963- _eauthor |
|
| 245 | 1 | 4 |
_aThe atlas of climate change : _bmapping the world's greatest challenge / _cKirstin Dow and Thomas E. Downing. |
| 250 | _a3rd ed. | ||
| 260 |
_aLondon : _bEarthscan, _c2011. |
||
| 300 |
_a128 p. : _bcol. ill., col. maps ; _c25 cm. |
||
| 500 | _aPrevious ed.: 2006. | ||
| 504 | _aIncludes bibliographical references and index. | ||
| 650 | 0 |
_aClimatic changes _vAtlases. |
|
| 650 | 0 |
_aClimatic changes _vMaps. |
|
| 650 | 0 |
_aClimatic changes _xCharts, diagrams, etc. |
|
| 650 | 0 |
_aClimatic changes _xEnvironmental aspects _vAtlases. |
|
| 650 | 0 |
_aClimatic changes _xSocial aspects _vAtlases. |
|
| 650 | 0 |
_aGreenhouse effect, Atmospheric _xGovernment policy _vAtlases. |
|
| 655 | 7 |
_aAtlases. _2lcgft |
|
| 700 | 1 | _aDowning, Thomas E. | |
| 942 |
_2ddc _cNFIC |
||